00901 a2200265 4500010001400000020002300014035001300037037001600050082001200066090001700078245011100095260004500206270005400251300003000305500002000335700002000355700001600375700001500391700001900406700001800425700002300443942002500466999001700491952012700508 aENG-89415 a8120334571c325.00 aEN-72948 bDBAD / PUB14a004.682 c10885d108851 a(Six) 6 Microsoft office business applications for office sharepoint server 2007/cby Rob Barker...[et al] aNew DelhibPrentice Hall of Indiac2008 aM-97, Connaught CircusbNew DelhicDelhie110001 axvi, 302p.c23 cm ( Pbk.) aIncludes index1 aBichsel, Joanna1 aBuenz, Adam1 aFox, Steve1 aHolliday, John1 aNene, Bhushan1 aRavindran, Karthik adplcENk004.682/SIX c10584d10584 00102ddc40718NFICaDBADbDBADg325.00l0o004.682 SIXpEN-72948r2008-09-15 00:00:00t1u11655v325.00w2008-09-15yEN